NCAA Colleges in Mississippi - Statistics

General Stats
  • This quiz has been taken 237 times
  • The average score is 7 of 11
Answer Stats
Division Team Name University % Correct
Division I Rebels Ole Miss
100%
Division I Bulldogs Mississippi State
99%
Division I Golden Eagles Southern Miss
96%
Division I Tigers Jackson State
83%
Division I Braves Alcorn State
66%
Division I Devils Mississippi Valley State
62%
Division II Statesmen Delta State
59%
Division II Choctaws Mississippi College
54%
Division III Majors Millsaps
46%
Division III Blazers Belhaven
40%
Division III Bearcats Rust College
14%
No matching quizzes found
Score Distribution
Percent of People with Each Score
Percentile by Number Answered
Your Score History
You have not taken this quiz